Sistema de información Web para la solicitud de pedidos de ventas del café en Exportadora Atlantic S.A, Matagalpa

Presenta el desarrollo de un sistema de información Web para la solicitud de pedidos de ventas del café, incluye análisis de precios de pedidos, análisis de viabilidad de la implementación del sistema y propuesta de diseño de información Web.

Bibliographic Details
Main Authors: Laguna Valle, Nesly de los Ángeles, Castillo Moreno, Juan José.
Other Authors: Tutor: Membreño Gudiel, Yasser Ronald
Format: Tesis Section = Libro
Language:Undetermined
Spanish
Published: Managua UNI 2012
Subjects:
LEADER 01135nam a2200265Ia 4500
008 240830s9999 xx 000 0 und d
040 |a BIBLIOTECA-RUPAP Mon 005.74 L181 
041 |a spa 
082 |a Mon 005.74 L181 
100 1 |a Laguna Valle, Nesly de los Ángeles 
100 1 |b Castillo Moreno, Juan José. 
245 1 0 |a Sistema de información Web para la solicitud de pedidos de ventas del café en Exportadora Atlantic S.A, Matagalpa 
260 |a Managua  |b UNI  |c 2012 
300 |a 161 p. :il. 
500 |a Contiene: anexos e Incluye: CD. 
502 |a Tesis (Ingeniero de Sistemas)- UNI, 2012. 
520 3 |a Presenta el desarrollo de un sistema de información Web para la solicitud de pedidos de ventas del café, incluye análisis de precios de pedidos, análisis de viabilidad de la implementación del sistema y propuesta de diseño de información Web. 
650 7 |a SISTEMA DE INFORMACION WEB 
650 7 |b ADMINISTRACION DE VENTAS 
650 7 |c ESTRATEGIAS DE VENTAS 
650 7 |d APLICACIÓN WEB 
700 1 |a Tutor:  |b Membreño Gudiel, Yasser Ronald 
942 |c BK  |2 ddc 
991 |a TESIS 
999 |c 15338